000 00603nam a22001937a 4500
005 20251108173008.0
008 250721s1996 xx 000 0 ara d
082 1 4 _a641.8/ستو
100 1 _aستون، روبرت
245 1 0 _aمشروبات الكوكتيل /
264 1 _aبيروت :
_bدار العربية للعلوم،
_c1996.
650 1 7 _aالمشروبات
650 1 7 _aعصائر الفاكهة
650 1 7 _aالمياة الغازية
700 1 _aبونتغ، كيث
710 2 _aمركز التعريب و البرمجة
_eترجمة
942 _2ddc
_cBK
999 _c93629
_d93629